[Event "Dyfed Open"]
[Site "?"]
[Date "2018.02.18"]
[Round "5"]
[White "Thomas, Roy"]
[Black "Jones, Martin C"]
[Result "0-1"]
[WhiteElo "1706"]
[BlackElo "1769"]
[Annotator "Rudy"]
[PlyCount "94"]
[EventDate "2018.??.??"]

1. f4 d5 2. e3 c5 (2... Nf6) 3. Nf3 Nc6 4. Be2 (4. Bb5 {Main- is an important
move that seeks extra control over e5. Hence why Bl usually delays the Q side
development till the K is out of the way.}) 4... Nf6 5. O-O g6 (5... e6) 6. d3
Bg7 7. Nc3 (7. Qe1 {alternative}) 7... O-O 8. e4 d4 9. Na4 b6 (9... Nd7 10. b3
b5 11. Nb2 Bb7 12. Qe1 Nb4 13. Bd1 Qc7 14. a3 Nc6 15. Bd2 {Thomas-Bullen, S
Wales Summer op, Newport 2015,1-0}) 10. Qe1 (10. b3 Bd7 11. Nb2 b5 12. Rb1 Qc7
13. Bd2 Rad8 14. Qe1 {Thomas-Young, West Wales op, Swansea 2016,1/2-1/2}) (10.
c4 dxc3 11. bxc3 Bb7 12. Qe1 Ba6 13. Nb2 c4 14. d4 Nxe4 15. Bxc4 Bxc4 16. Nxc4
Nxc3 17. Qxc3 Nxd4 18. Kh1 Nxf3 19. Qxf3 Bxa1 {Thomas-Young, Dyfed Open 2016,
0-1}) 10... Nb4 (10... Ba6 11. b3 Ng4 12. Bd1 Ne3 13. Rf2 e5 14. Nxe5 Nxe5 15.
fxe5 Bxe5 16. Rb1 f5 {Thomas-Pearson, Tom Weston Major op , Cardiff 2016,0-1})
11. Bd1 Bd7 12. a3 Na6 13. c4 (13. b3) 13... e6 (13... b5 14. cxb5 Bxb5 15. Ne5
Nd7 16. Nc4 Bxc4 17. dxc4 Nb6 18. Nxb6 Qxb6 19. Bc2 $11 {Komodo11}) 14. Bd2 (
14. e5 Ng4 15. b4 $14 (15. Ng5 Nh6 16. b4 $14 {Komodo11})) 14... b5 15. cxb5
Bxb5 16. Ne5 Nd7 17. Nc4 Bxc4 18. dxc4 Nb6 19. Ba5 (19. Nxb6 axb6 20. e5 f6 21.
Bf3 Rb8 22. exf6 Qxf6 23. Qe4 Nc7 $14 {Komodo11}) 19... d3 $15 20. Nxb6 (20.
Kh1 Qd4 21. e5 (21. Bb3 Nxa4 22. Bxa4 Rab8 23. b3 Qxa1 24. Qxa1 Bxa1 25. Rxa1
Rbc8 $15 26. Bd7 $11) 21... Nxc4 22. Bc3 Qd7 23. b3 Nb6 24. Nb2 Rfd8 25. Rf3 c4
26. bxc4 Nc5 $15 {Komodo11}) 20... Qd4+ 21. Qf2 axb6 22. Bc3 Qxc4 $17 23. Bxg7
(23. Rc1) 23... Kxg7 $19 24. f5 exf5 (24... e5 25. f6+ Kh8 26. Qe3 Rad8 27. Qh6
Qd4+ 28. Kh1 Rg8 29. Rf3 g5 30. Rh3 Qxe4 $19 {Komodo11}) 25. exf5 f6 (25...
Rad8 $19) 26. Qf3 Rad8 $19 (26... Qd4+ $19 27. Kh1 Ra7) 27. Qb7+ Rf7 28. Qc6
Qd4+ 29. Kh1 Rd6 (29... Qxb2 $1 {Komodo11} 30. Bg4 Nc7) (29... c4 {also}) 30.
Qc8 Nc7 31. fxg6 hxg6 32. Rb1 Re7 33. Bg4 Rd8 34. Qb7 Qxg4 (34... Nd5 35. Qa6
Qxg4 {even stronger, Komodo11} 36. Qxd3 Ne3 {mating}) 35. Qxb6 Qd4 (35... Ne6)
36. h3 d2 37. a4 Rd6 38. Qb3 Re3 39. Qb7 Rd7 40. Qb6 Ne6 (40... Nd5) 41. Rbd1
Qe4 42. Qb5 Rxh3+ 43. Kg1 Rhd3 44. Rf3 Qe1+ (44... Nf4 {forces mate, Komodo11})
45. Rf1 Qe3+ 46. Rf2 Ng5 (46... Nf4) 47. Kf1 Ne4 (47... Re7 {quickest} 48. Kg1
Nh3+ 49. gxh3 Qg3+ 50. Kf1 Re1+ 51. Rxe1 dxe1=Q+ 52. Kxe1 Qg1+ 53. Rf1 Qe3#)
0-1

[Event "Dyfed Open"]
[Site "?"]
[Date "2018.02.18"]
[Round "5"]
[White "Van Kemenade, Julie"]
[Black "Orton, Paul"]
[Result "1-0"]
[WhiteElo "1692"]
[BlackElo "1608"]
[Annotator "Rudy"]
[PlyCount "57"]
[EventDate "2018.??.??"]

1. e4 e5 2. Nf3 Nc6 3. Bc4 Nf6 4. d3 Be7 (4... Bc5) 5. a3 (5. O-O) 5... O-O 6.
O-O d6 7. c3 (7. h3) 7... h6 (7... Bg4) 8. Bb3 (8. Re1) (8. h3) 8... Be6 (8...
Re8 9. Re1 Bf8 10. h3 a6 11. Nbd2 g6 12. Nf1 Bg7 13. Ng3 {Fransson-Hoffmann,
Lyngby op 1988,1/2-1/2}) 9. Nbd2 (9. Bxe6 fxe6 10. b4 a6 11. Nbd2 $11) 9... Qd7
10. Bc2 d5 11. exd5 {Komodo11} (11. Re1) 11... Nxd5 12. Re1 Bf6 (12... Bd6) 13.
Ne4 Be7 14. Ng3 (14. Ba4 f6 15. d4 $14 {Komodo11}) 14... Bg4 (14... Bd6 15. d4
exd4 16. Qd3 f5 17. Rxe6 Qxe6 18. Nxf5 Rfe8 19. Bd2 $16 {Komodo11}) (14... Rae8
15. Nxe5 Nxe5 16. Rxe5 Bd6 17. Re2 f5 18. Re1 Nf6 $14 {Komodo11, is a relative
of the Marshall gambit in the Ruy}) 15. h3 (15. d4 exd4 16. Qd3 Nf6 17. Nxd4
Nxd4 18. cxd4 Rfe8 $14 {Komodo11}) 15... Bxf3 16. Qxf3 $16 {Wh has gained some
control over the Wh squares} Nf6 (16... f5 17. d4 e4 18. Qh5 Rf7 19. Bb3 Rd8
20. Nf1 (20. f3) 20... Bf8 21. f3 $16 {Komodo11}) 17. Be3 {bringing up more
pieces, Komodo11 has a different way} (17. Nf5 $18 Rfe8 (17... Qd5 18. Qg3 Nh5
19. Qg4 g6 20. d4 Bg5 21. Bxg5 hxg5 22. Qxg5 $18 {Komodo11}) 18. Bxh6 Bf8 (
18... gxh6 19. Qg3+ Ng4 20. Qxg4+ Bg5 21. Nxh6+ Kf8 22. Qxd7) 19. Bg5 g6 20.
Ng3 $18 {Komodo11}) (17. d4 Qd5 (17... exd4 18. Nf5 Rfe8 19. Bxh6 d3 20. Qg3
Nh5 21. Qg4 g6 22. Nxe7+ Rxe7 23. Rxe7 Qxg4 24. hxg4 Nxe7 25. Bxd3 $18 {
Komodo11}) 18. dxe5 Qxf3 19. gxf3 Nd5 20. f4 $18 {Komodo11}) (17. Bb3 $5 {Rudy}
) 17... Qd5 18. Qe2 Rfe8 19. Rad1 (19. b4 a6 20. Rab1 $16 {Komodo11}) 19... Bf8
20. Bb1 (20. Ne4 Nxe4 21. dxe4 Qe6 22. b4 $16 {Komodo11}) 20... g6 (20... Nd4
21. Qd2 Ne6 22. Qc2 Bc5 23. Ne4 Nxe4 24. dxe4 Qc6 25. Bc1 Rad8 26. Ba2 $14 {
Komodo11}) 21. Qd2 Kh7 22. b4 Rad8 23. Ba2 Qd7 24. Qc2 Kg7 (24... Nd5 25. Bc1
$16) 25. Bb1 Ne7 $2 {the Bl pieces are getting in each others way here} (25...
Nd5 26. Bd2 a6 $16 {leaves the postion unclear, though Komodo11 has a plan to
exploit the Wh squares} 27. h4 Qg4 (27... Be7 28. h5 Bh4 29. hxg6 fxg6 30. d4
Qf7 31. Qc1 $16) 28. h5 f5 (28... Nf4 29. d4 Nxh5 30. Re4 Nf4 31. dxe5 $18) 29.
hxg6 f4 30. Ne2 Qxg6 31. Qb3 Qg5 32. d4 $16 {Komodo11}) 26. d4 $18 exd4 (26...
Nfd5 {best try, Komodo11 & Stockfish9}) 27. Bxd4 Qc6 (27... Neg8 28. Rxe8 Qxe8
29. Nh5+ $18 {Komodo11}) 28. Nh5+ gxh5 29. Qh7# 1-0

[Event "Dyfed Open"]
[Site "?"]
[Date "2018.02.18"]
[Round "5"]
[White "Jansen Van Rensburg, Leon"]
[Black "Howell, Alun"]
[Result "0-1"]
[WhiteElo "1528"]
[BlackElo "1691"]
[Annotator "Rudy"]
[PlyCount "82"]
[EventDate "2018.??.??"]

1. e4 c5 2. Nc3 Nc6 3. f4 e6 4. Nf3 d6 (4... d5) (4... a6) 5. Bc4 (5. Bb5) (5.
g3) 5... Nf6 6. O-O Be7 7. d3 O-O 8. Qe1 Qc7 {uncommon-the Q may not be best
placed here.} (8... a6) (8... d5) (8... Na5) 9. Qg3 a6 10. a4 Nb4 11. e5 (11.
Bb3 d5 (11... Kh8 {have been played})) 11... dxe5 (11... Nh5 12. Qh3 d5 (12...
Nxc2 13. Rb1 d5 14. Bxd5 exd5 15. Nxd5 Bxh3 16. Nxc7 Be6 17. Nxa8 Rxa8 $19 {
Casas Cobos-Jimenez, Bogota Semana Santa 2012,0-1}) 13. Qxh5 dxc4 14. dxc4 Nxc2
15. Rb1 (15. f5 $11 {Stockfish9}) 15... Bd7 (15... Nd4 $17) 16. f5 $11 {
Fouts-Elezaj, US Open, Chicago 2006,0-1}) 12. fxe5 Ne8 13. Bh6 (13. Rf2 $16 {
Stockfish9}) 13... Nxc2 14. Rac1 Nd4 (14... Nb4 15. Ne4 Nd5 16. d4 $16) 15.
Nxd4 cxd4 16. Ne4 $16 Qd8 (16... Qb8 17. Bb3 Bd7 18. Nf6+ Bxf6 19. Rxf6 Kh8 20.
Rcf1 gxf6 {other moves lose} 21. Bxf8 Qxe5 22. Qxe5 fxe5 23. Rxf7 $16 {
Stockfish9}) 17. Nf6+ $1 $18 Bxf6 18. exf6 {the Q on b8 would have stopped this
} g6 19. Bxf8 Kxf8 20. Qe5 (20. Rce1) (20. Rf4) 20... Qb6 (20... Qd6 21. Qg5
Kg8 22. Rf4 Bd7 23. Rcf1 Bxa4 24. Rh4 Qf8 25. Rh6 Bc2 26. Qh4 Nxf6 27. Rxf6 Qg7
28. Qg5 $18 {Stockfish9}) 21. h4 (21. Qg5 Kg8 22. Rce1 Qd6 23. Re4 b5 24. Ba2
Ra7 25. Rh4 Qf8 26. Rh6 Rc7 27. Qh4 Nxf6 28. Qxf6 $18 {Stockfish9, as in
previous note}) 21... Bd7 22. h5 Bc6 23. b3 (23. Bxe6 $1 $18 Bf3 (23... fxe6
24. hxg6 hxg6 25. f7 Nf6 (25... Ng7 26. Qd6#) 26. Rxf6 $18) 24. hxg6 hxg6 25.
Ba2 Qxf6 26. Qc5+ Qd6 27. Rxf3 $18 {Stockfish9}) (23. hxg6 hxg6 24. Qh2 Kg8 25.
Bxe6 $18 {Stockfish9}) (23. Qg5 Bd7 24. Qh6+ Kg8 25. hxg6 hxg6 26. Rf3 $18 {
Stockfish9}) 23... Rd8 (23... Bd5 24. Bxd5 exd5 25. Rce1 Qd8 26. hxg6 hxg6 27.
Qg5 Kg8 28. Re7 $1 $18 (28. Rf3 $18 {Stockfish9})) 24. hxg6 (24. Bxe6 Bf3 25.
Bxf7 Qd6 26. Qg5 Qxf6 27. Qg3 Kxf7 28. Rxf3 $18 {Stockfish9}) 24... hxg6 25.
Qh2 (25. Bxe6) (25. Rf4 {alternatives}) 25... Kg8 26. Bxe6 $1 Bd5 27. Bxd5 Rxd5
28. Rc8 (28. Rce1 Qd8 29. Qh6 Nxf6 30. Rxf6 $18 {simplest- Stockfish9}) 28...
Qe6 29. Rb8 (29. Qh3 Re5 (29... Qxh3 30. Rxe8+) 30. Qxe6 Rxe6 31. Rf4 g5 32.
Re4 Kf8 33. Rxd4 Rxf6 34. Rdd8 Re6 35. d4 $18 {Stockfish9; Bl must lose the N,
forced when the pawn gets to d7}) 29... Qe3+ 30. Kh1 $4 (30. Rf2 Qc1+ 31. Rf1
Qe3+ $11 {Stockfish9}) 30... Rh5 $19 31. Qxh5 gxh5 32. Rf3 Qe1+ 33. Kh2 Qe5+
34. Rg3+ Kf8 35. Rxe8+ Kxe8 36. Kh3 Qxf6 37. Rf3 Qe6+ 38. Kg3 Qxb3 39. Kh4 Qd5
(39... Qxa4 {ensures two passed Q side pawns, rather thn defend a weak pawn})
40. Rf4 Kf8 (40... Qxg2 $1 41. Kxh5 Qh3+ 42. Kg5 Qxd3 {Stockfish9}) 41. Re4 f6
(41... Qxe4+ 42. dxe4 d3) 0-1

[Event "Dyfed Open"]
[Site "?"]
[Date "2018.02.18"]
[Round "5"]
[White "Jones, Dewi"]
[Black "Jones, Gavin"]
[Result "1-0"]
[WhiteElo "1512"]
[BlackElo "1658"]
[Annotator "Rudy"]
[PlyCount "57"]
[EventDate "2018.??.??"]

1. e4 e6 2. d3 d5 3. Nd2 c5 4. Ngf3 Nc6 5. g3 Nf6 6. Bg2 Be7 7. O-O O-O 8. c3 {
this gives Bl a target on the Q side for his b pawn} (8. Re1) (8. e5 {main
continuations}) 8... b5 9. e5 Nd7 10. d4 {30% for Wh} (10. Re1 {45 % for Wh})
10... Qb6 (10... a5) 11. Nb3 f6 (11... c4 12. Nbd2 a5 13. Nh4 b4 14. a3 bxc3
15. bxc3 a4 16. Rb1 Qa6 17. f4 f5 18. exf6 Nxf6 19. f5 e5 {Bittner-Golf,
Freudestadt ch U25,1995,1/2-1/2}) 12. Qc2 (12. exf6 $16 Nxf6 13. dxc5 Bxc5 14.
Nxc5 Qxc5 15. Be3 Qe7 16. b4 Bd7 17. Bc5 {Rhodes-Robbins, 4NCL 2005,1-0}) 12...
c4 (12... fxe5 13. Nxc5 Nxc5 14. dxc5 Bxc5 15. Ng5 e4 $15 {Komodo11}) 13. exf6
$2 (13. Nc5 Ncxe5 14. Nxe5 fxe5 15. Nxd7 Bxd7 16. dxe5 b4 $15 {Komodo11}) 13...
cxb3 $19 14. Qe2 Nxf6 15. Ng5 (15. axb3) 15... Nd8 (15... bxa2 $19 16. Nxe6 Re8
{Komodo11}) 16. Qd3 Nf7 17. f4 (17. Nxf7 Rxf7 18. axb3 a5 $19) 17... Bb7 18.
Bh3 Nxg5 19. fxg5 Ne4 $19 20. Bf4 Nxg5 (20... bxa2) (20... Bxg5) 21. Bxg5 Bxg5
22. axb3 e5 23. Rf5 (23. Kh1) 23... Rxf5 24. Qxf5 Be3+ 25. Kh1 Bc8 $2 (25...
exd4 $19) (25... Qf6 26. Qxe5 Qxe5 27. dxe5 Re8 28. e6 d4+ 29. Bg2 Bxg2+ 30.
Kxg2 d3 $19) 26. Qxe5 Bxh3 27. Qxd5+ Qe6 28. Qxa8+ Kf7 (28... Qc8 29. Qxc8+
Bxc8 30. h4 $16) 29. Rxa7+ $18 1-0

[Event "Dyfed Open"]
[Site "?"]
[Date "2018.02.18"]
[Round "5"]
[White "Denham, Colin"]
[Black "Andrews, Norman G"]
[Result "1/2-1/2"]
[WhiteElo "1653"]
[BlackElo "1642"]
[Annotator "Rudy"]
[PlyCount "70"]
[EventDate "2018.??.??"]

1. e4 c5 2. Nf3 g6 3. d4 cxd4 4. Nxd4 Nc6 5. Nxc6 {this gives Bl a useful b
file & a grip on d5} (5. Nc3) (5. c4) 5... bxc6 6. Bc4 (6. Qd4 {most frequent,
but} Nf6 7. e5 Nd5 8. e6 f6 9. exd7+ Bxd7 10. Bc4 e5 {works out fine for Bl})
6... Nf6 (6... Bg7 7. O-O d6 {main}) 7. Nc3 (7. e5 Qa5+ {wins e pawn}) 7... e5
{rare} (7... Bg7 8. e5 Ng8 9. Qf3 {is very good for Wh, who can gambit the e5
pawn for a rapid offensive}) (7... Qc7 8. O-O Bg7 {looks fine for Bl}) 8. a3 {
novelty, looks logical to prevent Bb4} (8. f3) (8. O-O) (8. Bg5 {played,
together 4-0}) 8... Bg7 9. O-O Qc7 10. Qe2 O-O 11. Kh1 (11. Be3 $14 {Komodo11})
11... Nxe4 $5 (11... d6 12. Rd1 Be6 $11 {Komodo11}) 12. Bxf7+ $6 (12. Qxe4 d5
13. Nxd5 cxd5 14. Bxd5 Rb8 15. c4 $18 {& Wh is a pawn up}) 12... Rxf7 13. Nxe4
d5 $17 {now Bl has a centre and good Bs} 14. Ng3 (14. Ng5 Rf8 15. Be3 e4 16. c3
Rb8 $17 {Komodo11}) 14... a5 $19 (14... Qb6 $19 {Komodo11, even stronger}) 15.
Re1 a4 (15... Ba6 16. Qe3 e4 17. Qc5 Raf8 $19 {Komodo11}) 16. Rb1 Ba6 17. Qd2
Qb6 (17... e4 $19 {Komodo11}) 18. f3 Raf8 19. Qb4 Qc7 (19... Qf2 $17) 20. Qxa4
$11 {the extra pawn is just enough compensation for Bl's central dominance} Bb5
21. Qb4 Bc4 22. Qc5 (22. b3) 22... Rb8 23. b3 Ba6 24. Qg1 (24. a4 $11) 24...
Bc8 25. a4 c5 26. Ba3 c4 27. b4 (27. Qc5 $14) 27... Ra8 28. a5 Qc6 (28... h5)
29. c3 (29. b5 $16 {Komodo11}) 29... Ba6 {now a barricade is in force} 30. Bb2
Bb5 31. Ne2 Qd7 32. Rbd1 Ba4 33. Ra1 Bb5 34. Rad1 Ba4 35. Ra1 Bb5 1/2-1/2

[Event "Dyfed Open"]
[Site "?"]
[Date "2018.02.18"]
[Round "5"]
[White "Hurn, Robert AJ"]
[Black "Miller, John S"]
[Result "0-1"]
[WhiteElo "1592"]
[BlackElo "1648"]
[Annotator "Rudy"]
[PlyCount "82"]
[EventDate "2018.??.??"]

1. d4 Nf6 2. c4 g6 3. f3 Bg7 4. e4 d6 5. Nc3 O-O 6. Be3 e5 7. Nge2 (7. d5 {
alternative} Ne8 8. g4 Bf6 9. Qd2 Bh4+ 10. Kd1 f5 {Greatorex-Miller, Dyfed
open Rd2,1-0}) 7... Nc6 (7... c6) (7... Nbd7) (7... Ne8 8. d5 f5 9. Qd2 a6 (
9... f4) 10. Bh6 $2 Qh4+ {Hurn- Jaberansari, S Wales International 2017,0-1})
8. d5 Ne7 9. Qd2 Ne8 10. g4 a6 (10... f5) 11. Ng3 (11. h4) 11... f5 12. gxf5
gxf5 13. Bh6 (13. Bg5) 13... f4 14. Bxg7 Nxg7 15. Nge2 Ng6 16. O-O-O (16. Nc1
Qh4+ 17. Kd1 {a manouevre quite often employed by Dave Buttell in similar
positions} Qh5 18. Qf2 Nh4 19. Be2 Rf6 20. Nd3 $11 {Komodo11}) 16... Nh4 17.
Ng1 $11 Kh8 18. Qf2 Rg8 19. Bh3 {getting rid of the bad B is a good idea, even
though Komodo11 prefers Nh3} Qg5 $15 20. Bxc8 Raxc8 21. Rd2 Rcf8 22. Nh3 (22.
Qf1 Nh5 23. b3 Rg7 24. Nh3 Qf6 25. Rg1 $15 {Komodo11}) 22... Qh5 $17 23. Ng1 (
23. Rd3 Ne8 24. Nd1 Rg2 25. Qf1 Nf6 $17 {Komodo11}) 23... Ne8 24. Qf1 Rg6 25.
Rf2 Rfg8 26. Nce2 (26. Nge2 {looks better , though} Rg2 $17) 26... Ng2 $19 (
26... Rg2 $19) 27. b3 Nf6 (27... Ne3 28. Qe1 Rg2) 28. h4 Qh6 (28... Nd7 29. Kd2
Ne3 30. Qa1 Rg2 $19 {Komodo11}) 29. Kb2 Nh5 (29... Ne3 30. Qe1 Rg2 $19) 30. Ka3
Ne3 31. Qh3 Ng3 (31... Qg7 $1 {Komodo11, Wh scarcely has a move} 32. Rf1 Rg3
33. Nxg3 fxg3 34. Ne2 g2 35. Rfg1 Nf4 36. Rxg2 Nfxg2 {is Komodo11's suggested
best sequence for Wh}) 32. Rhh2 Qg7 33. Nc3 Ngf1 34. Rh1 Rxg1 35. Rxg1 Qxg1 36.
Re2 (36. Qe6 {trying for a perpetual} Rf8 37. Qe7 Qg7 38. Qe6 Rg8 $19 {Komodo11
}) 36... Ng3 (36... Nd2 $1 37. Kb2 Nd1+ 38. Nxd1 Qxd1 39. Rg2 Qb1+ 40. Kc3 Qc1+
41. Kb4 Rxg2 42. Qxg2 Nb1 {mating, Komodo11}) 37. Rb2 Nh5 (37... Qc1 $1 {
Komodo11, pins everything down.}) 38. Qd7 Qc1 39. Qxc7 Nc2+ 40. Ka4 Qxb2 41.
Nb5 Qxa2+ 0-1

[Event "Dyfed Open"]
[Site "?"]
[Date "2018.02.18"]
[Round "5"]
[White "Fowler, Caspian"]
[Black "Morgans, Justin"]
[Result "1/2-1/2"]
[WhiteElo "1370"]
[BlackElo "1668"]
[Annotator "Rudy"]
[PlyCount "96"]
[EventDate "2018.??.??"]

1. e4 c5 2. c3 d6 3. d4 cxd4 4. cxd4 a6 (4... Nf6 {main}) 5. Nc3 Nf6 6. Nf3 e6
7. Bd3 Be7 8. O-O O-O 9. Bb1 {a committal move , very early. There are many
more flexible moves that can be played} (9. Qe2) (9. Qc2) (9. Bg5) (9. h3 {
waiting to see what Bl might choose to do}) 9... Nc6 {trying for e5 & mate} 10.
Qc2 {trying for e5 & win of piece or mate} (10. a3 {transposes , 3.5-0.5})
10... e5 {end of idea} 11. h3 (11. d5 Nb4 12. Qd1 a5 $14) 11... Bd7 (11... Nxd4
12. Nxd4 exd4 13. Ne2 Qb6 14. Rd1 Bd7 15. Rxd4 Rac8 16. Qd1 $11 {Stockfish9})
12. Be3 Rc8 13. a3 b5 14. Qd3 g6 (14... Re8 15. Ba2 exd4 16. Nxd4 Ne5 17. Qd2
Nc4 18. Bxc4 Rxc4 19. Rfe1 Qb8 $11 {Stockfish9}) 15. Bd2 (15. Ba2 {looks
better, increasing B power , rather than diminishing it}) 15... Re8 16. Bg5 Nh5
(16... exd4 17. Nxd4 Ne5 18. Qe2 Nc4 $11 {Stockfish9}) 17. Bxe7 Qxe7 18. Nd5
Qd8 19. Qe3 Ne7 (19... Be6 $15 20. Ba2 Nxd4 21. Nxd4 Bxd5 22. Bxd5 exd4 23.
Qxd4 Nf4 24. Qa7 Qf6 $15 {[%eval 0,0] Stockfish9- the Q & N cooperate better
than the Q &}) 20. dxe5 (20. Nc3) 20... Nxd5 21. exd5 dxe5 22. Ba2 {the B has
not performed all too well so far} Qf6 (22... Nf4) 23. b4 Nf4 $15 24. Nd2 {to
drive the Q away, but a good square calls} Qg5 $19 25. Qf3 Nxh3+ 26. Kh1 Qxd2
$19 27. gxh3 Rc3 28. Qf6 Rxh3+ {the Wh K side is broken open} 29. Kg1 Qf4 {
forcing a Q swap, when Bl is a couple of pawns up & should be winning, but
there must be mates around with the Wh K so exposed. In fact, even without Qs
there are still several mating possibilities for Bl} (29... Qe2 {quickest
mate-Stockfish9} 30. Qg5 Bg4 31. Qf6 Qf3 32. Qxf3 Bxf3 33. d6 Rh1#) (29... Qd4
30. Qg5 Bg4 31. Kg2 Qe4+ 32. f3 Qe2+ 33. Rf2 Rh2+ 34. Kxh2 Qxf2+ 35. Kh1 Bxf3+
36. Qg2 Qxg2#) (29... Qh6 {also works} 30. Kg2 Rh2+ 31. Kf3 Bg4+ 32. Ke4 (32.
Kxg4 Qh3+ 33. Kg5 Qh5#) 32... Qd2 33. Rad1 Qe2#) 30. Qxf4 exf4 $19 31. d6 f3 (
31... Re5 {mating, Stockfish9, eg} 32. Rfe1 Bc6 33. f3 Rg3+ 34. Kf1 Rxf3+ 35.
Kg1 Rg5+ 36. Kh2 Rf2+ 37. Kh3 Rg3+ 38. Kh4 Rh2#) 32. Rfe1 Re2 33. Rec1 Rd2 {
going for a pawn} (33... Re4 {forces mate}) 34. Rd1 Rxd1+ (34... Re2 35. Re1
Rg3+ $1 36. fxg3 f2+ 37. Kf1 fxe1=Q+ 38. Rxe1 Rxa2 $19 {Stockfish9}) 35. Rxd1
Rh4 (35... g5 36. Re1 Rh6 37. Re7 Rxd6 38. Rxf7 Kh8 39. Bb3 h5 $19 {Stockfish9}
) 36. Re1 (36. Rd3 Kf8 37. Rxf3 Bf5 38. Rc3 Rd4 39. Rc7 Rd2 40. Rxf7+ Ke8 41.
Re7+ Kd8 42. Bg8 h5 $17 {this pawn could become dangerous for Wh, as the Bl B
can guard the Qing square}) 36... Rd4 37. Re7 Rxd6 38. Rxf7 Kh8 39. Rxf3 Bf5
$19 40. Kh2 Rd3 {Bl's R is better than the Wh one, since it has attacing
chances against the K, wheras the Wh one has none. So Bl should keep them on.
Bl is a pawn up, but his Q side pawns might fall prey to a B, so again a Bl R
on the board can avoid that possibility} (40... Rd2 41. Bb3 h5 $19) 41. Rxd3
Bxd3 42. Bd5 $11 Kg7 43. Bb7 Bf5 44. Bxa6 Bd7 {if the B had stayed on the d3
diagonal, then a4 would be a serious threat} 45. Bb7 Kf6 46. Kg3 g5 47. f4 h5
48. fxg5+ Kxg5 {Bl cant remove the Wh K from sitting on the Bl squres; &
should the Bl K try to get to the Q side to attack a3 & b4, then Wh can just
play Ba6 & xb5, when near the h pawn to remove that next.} 1/2-1/2